The Economic illusion : false choices between prosperity and social justice (Record no. 35693)
[ view plain ]
| 000 -LEADER | |
|---|---|
| fixed length control field | 00562nam a2200181Ia 4500 |
| 020 ## - INTERNATIONAL STANDARD BOOK NUMBER | |
| ISBN | 0812212401 |
| 050 ## - CALL MARK | |
| Classification number | HB 72 .K84/ |
| 100 ## - STATEMENT OF RESPONSIBILITY--MAIN AUTHOR NAME | |
| Personal name | Kuttner, Robert. |
| 245 #4 - TITLE STATEMENT | |
| Title | The Economic illusion : false choices between prosperity and social justice |
| 260 ## - PUBLICATION, DISTRIBUTION, ETC. (IMPRINT) | |
| Place of publication | Philadelphia |
| 260 ## - PUBLICATION, DISTRIBUTION, ETC. (IMPRINT) | |
| Name of publisher | University of Pennsylvania Press |
| 260 ## - PUBLICATION, DISTRIBUTION, ETC. (IMPRINT) | |
| Year of publication | 1987 |
| 300 ## - PHYSICAL DESCRIPTION | |
| Number of Pages | 308 p |
| 650 ## - SUBJECT ADDED ENTRY--TOPICAL TERM | |
| Topical Term | Economics. Comparative economics. Social justice. Efficiency, Industrial. Welfare state. |
| 942 ## - ADDED ENTRY ELEMENTS (KOHA) | |
| Koha item type | Books |
| Withdrawn status | Lost status | Source of classification or shelving scheme | Damaged status | Not for loan | Permanent Location | Current Location | Date acquired | Accession Number | Price effective from | Koha item type |
|---|---|---|---|---|---|---|---|---|---|---|
| Library of Congress Classification | NILE UNIVERSITY OF NIGERIA - MAIN LIBRARY | NILE UNIVERSITY OF NIGERIA - MAIN LIBRARY | 04/23/2025 | 0010279 | 04/23/2025 | Books |